Aká mala byť a bola tohtoročná letná sezóna a čomu sa nevyhneme na jeseň

Zlý manažment pandémie spôsobil, že druhá vlna pandémie bola na Slovensku výrazne dlhšia. S tým sa spájali aj výrazné obmedzenia a zákazy prevádzkovania služieb cestovného ruchu aj zmena spotrebiteľského správania. Často sa menili podmienky, ľudia si preto vopred neplánovali svoje dovolenky. Museli...

Descrizione completa

Salvato in:
Dettagli Bibliografici
Autore principale: Harbuľák, Marek
Natura: Capitolo di libro
Lingua:slovacco
Soggetti:
Tags: Aggiungi Tag
Nessun Tag, puoi essere il primo ad aggiungerne!!

MARC

LEADER 00000naa a2200000 4500
001 0278414
005 20210909185704.5
041 0 |a slo 
044 |a SK 
245 1 0 |a Aká mala byť a bola tohtoročná letná sezóna a čomu sa nevyhneme na jeseň  |c Marek Harbuľák 
520 |a Zlý manažment pandémie spôsobil, že druhá vlna pandémie bola na Slovensku výrazne dlhšia. S tým sa spájali aj výrazné obmedzenia a zákazy prevádzkovania služieb cestovného ruchu aj zmena spotrebiteľského správania. Často sa menili podmienky, ľudia si preto vopred neplánovali svoje dovolenky. Museli sme sa spoľahnúť na domácu klientelu, pružne reagovať na meniace sa požiadavky trhu a pracovať v oslabení o viac ako 30000 ľudí. Toľko z vyjadrenia Mareka Harbuľáka, generálneho manažéra Asociácie hotelov a reštaurácií Slovenska. 
610 2 0 |a ruch cestovný 
610 2 0 |a pandémia 
610 2 0 |a opatrenia 
610 2 0 |a bariéry podnikania 
610 2 0 |a správanie spotrebiteľa 
610 2 0 |a kríza 
610 2 0 |a pokles podniku 
100 1 |a Harbuľák, Marek